000 00458nam a2200169Ia 4500
003 GCL
008 140319s9999 xx 000 0 eng d
040 _aGCL /
_cGCL
082 0 4 _a301.29
_bC Y
100 1 _aCHAGNON, NAPOLEON
245 1 0 _aYANOMAMO: THE FIERCE PEOPLE /
_cCHAGNON, NAPOLEON
260 _a[S.N] :
_bHOLT, RINEHART AND WINSTON, INC ،
_c1977
300 _a174 P
650 0 4 _aYANOMAMO INDIANS
650 0 4 _aSOCIAL SCIENCE
942 _2ddc
_cBK
999 _c13939
_d13939